000 01136nam a2200253 i 4500
001 183083
003 ES-MaACL
005 20250821152726.0
008 140115s2012 sp | |||||||| | spa d
020 _a978-84-9895-095-3
080 _a821.134.2-14"19"
100 1 _aJiménez, Juan Ramón,
_d1881-1958
_966417
245 1 0 _aPoemas en prosa: II, III y sin clasificar /
_c[Juan Ramón Jiménez] ; prólogo de Juan Bonilla ; texto preparado por Julio Jensen.
260 _aMadrid :
_bVisor Libros ;
_a[Huelva] :
_bDiputación de Huelva,
_cD.L. 2012.
300 _a192 p. ;
_c20 cm.
490 1 _aObras de Juan Ramón Jiménez ;
_v28
505 8 _aContiene: Ausencia, Odas libres, Amor y dolor, Elejías, El pastor herido, Ascensión ; Oasis ciudadano, Ayeres para después, Fechas de mi voz, K.Q.X. en prosa ; Poemas en prosa sin clasificar (ca. 1910-ca. 1940)
700 1 _aJensen, Julio.
_9154199
700 1 _aBonilla, Juan,
_d1966-
_930179
830 0 _aObras de Juan Ramón Jiménez
_v28
_9191022
852 _aES-MaACL
_jA-13035
_9190017
_bR.149845
_cDEPO1
_dOlim: N-6035
942 _2udc
_cMONOGRAFIA
999 _c183083
_d183083